=LDR 00000nam 2200000 4500 =001 NUTBA000000000001780 =005 20200302100629 =035 ##$$a 0010-051400000000245 =008 200302################g##########0#ind## =020 ##$$a 979-763-011-0 =082 ##$$a 005.8 =245 ##$$a Teknik mengelola dan menyelamatkan data di hardisk /$c Editor Fl. Sigit Suyantoro =250 ##$$a ed.1 =260 ##$$a Yogyakarta :$b ANDI,$c 2005 =300 ##$$a x, 253 hlm : $b ilus. ; $c 16x23 cm. =084 ##$$a 005.8 TEK t =650 #4$$a Keamanan data ( Program Komputer ) =990 ##$$a 21303504 =990 ##$$a 21304777 =990 ##$$a 10607781 =990 ##$$a 21400613/BPAP-NTB/20142014 =990 ##$$a 21304775 =990 ##$$a 21304776 =990 ##$$a 0001/BPAP-NTB/2016 =990 ##$$a 21304778